LEADER 01599nas 2200373 n 450 001 990008890340403321 005 20240229084534.0 011 $a0002-5232 035 $a000889034 035 $aFED01000889034 035 $a(Aleph)000889034FED01 035 $a000889034 091 $2CNR$aP 00046078 100 $a20161109a19689999km-y0itaa50------ba 101 0 $aeng 110 $aauu-------- 200 1 $aAlgebra and logic 207 1$a1968- 210 $aNew York$cConsultants Bureau. 452 0$12001$aAlgebra and logic 530 0 $aAlgebra and logic 675 $a512 675 $a16 712 02$aConsultants Bureau 801 0$aIT$bACNP$c20090723 859 4 $uhttp://acnp.cib.unibo.it/cgi-ser/start/it/cnr/dc-p1.tcl?catno=31697&person=false&language=ITALIANO&libr=&libr_th=unina1$zBiblioteche che possiedono il periodico 901 $aSE 912 $a990008890340403321 958 $aBiblioteca "Carlo Miranda" del Dipartimento di Matematica e Applicazioni "Renato Caccioppoli" Università Federico II$b1981-1997;$c1982;$ePER. 124$fMA1 959 $aMA1 996 $aAlgebra and logic$9262772 997 $aUNINA AP1 8 $6866-01$aNA014 Biblioteca "Carlo Miranda" del Dipartimento di Matematica e Applicazioni "Renato Caccioppoli" Università Federico II$bPER. 124$ev. Cintia-Monte Sant'Angelo, 80126 Napoli (NA)$m081-675749/675738/675848$m081-675746 opp.7662106$nit AP2 40$aacnp.cib.unibo.it$nACNP Italian Union Catalogue of Serials$uhttp://acnp.cib.unibo.it/cgi-ser/start/it/cnr/df-p.tcl?catno=31697&language=ITALIANO&libr=&person=&B=1&libr_th=unina&proposto=NO